| 000 | 00545cam a2200157 4500500 | ||
|---|---|---|---|
| 005 | 20260329005716.0 | ||
| 041 | _afre | ||
| 042 | _adc | ||
| 100 | 1 | 0 |
_aLacroix, Alexandre _eauthor |
| 245 | 0 | 0 | _a“Un sens à la vie”, de Pascal Chabot : un remède vital contre le mal digital |
| 260 | _c2024. | ||
| 500 | _a48 | ||
| 690 | _aPascal Chabot | ||
| 786 | 0 | _nPhilosophie magazine | 182 | 9 | 2024-09-01 | p. 67-68 | 1951-1787 | |
| 856 | 4 | 1 | _uhttps://shs.cairn.info/magazine-philosophie-magazine-2024-9-page-67?lang=fr&redirect-ssocas=7080 |
| 999 |
_c1845830 _d1845830 |
||